000 00685nam a2200229Ia 4500
003 OSt
005 20220925231924.0
006 a|||||r|||| 00| 0
007 ta
008 220923b |||||||| |||| 00| 0 eng d
037 _cGeneral Book
040 _aRTL
_cRTL
_beng
041 _2eng
_aeng
082 _aY:3(X).73.N7, L6
100 _aHuntington-Vigman Frederick K
_9296342
245 0 _aCollapse of Western civilization
260 _aMassachusetts
_bChristopher Publishing House
_c1976
300 _a228p
_ccm.
500 _aBibliography : P 207-212
942 _hY:3(X).73.N7, L6
_cGB
_2CC
999 _c589758
_d589758